00000000nam 2200000zi 4500
0019.896096
003CaOODSP
00520221107174224
006m     o  d f      
007cr bn|||||||||
008210203s1990    nscbd   ob   f000 0 eng d
040 |aCaOODSP|beng|erda|cCaOODSP
0410 |aeng|beng|bfre
043 |an-cn-qu|an-cnm--
0861 |aFs70-8/90-91E-PDF
1001 |aNielsen, Gloria, |eauthor.
24514|aThe 1989 4T herring gillnet questionnaire / |cby Gloria Nielsen.
264 1|a[Dartmouth, N.S.] : |bCanadian Atlantic Fisheries Scientific Advisory Committee ; |aMoncton, New Brunswick : |bMarine and Anadromous Fish Division, Gulf Fisheries Center, Department of Fisheries and Oceans, |c[1990?]
300 |a1 online resource (30 pages) : |bmaps, graphs.
336 |atext|btxt|2rdacontent
337 |acomputer|bc|2rdamedia
338 |aonline resource|bcr|2rdacarrier
4901 |aCAFSAC research document ; |vno. 90/91
500 |aCover title.
500 |a"Not to be cited without permission of the authors."
504 |aIncludes bibliographical references (page 6).
5203 |a"A telephone survey was conducted to collect information from herring gillnetters about their 1989 fishery in the southern Gulf of St. Lawrence (NAFO Division 4T). The survey gathered data on the fishing effort for abundance estimates, on mesh size distribution for determination of partial recruitment, and on disposition of the catch for validation of purchase slip information. In addition, the gillnetters were asked their opinion on the abundance of herring in 1989"--Abstract, page 1.
546 |aIncludes abstract and series statement in French.
650 0|aAtlantic herring fisheries|zSaint Lawrence, Gulf of.
650 0|aGillnetting|zSaint Lawrence, Gulf of.
650 0|aFish stock assessment|zSaint Lawrence, Gulf of.
650 6|aHareng|xPêche commerciale|zSaint-Laurent, Golfe du.
650 6|aPêche au filet maillant|zSaint-Laurent, Golfe du.
650 6|aRessources halieutiques|xÉvaluation|zSaint-Laurent, Golfe du.
7102 |aCanadian Atlantic Fisheries Scientific Advisory Committee, |eissuing body.
7102 |aGulf Fisheries Centre (Canada), |eissuing body.
830#0|aCAFSAC research document (Canadian Atlantic Fisheries Scientific Advisory Committee)|vno. 90/91.|w(CaOODSP)9.869616
85640|qPDF|s1.36 MB|uhttps://publications.gc.ca/collections/collection_2021/mpo-dfo/fs70-8/Fs70-8-90-91-eng.pdf